| 000 | 00471nam a22001817a 4500 | ||
|---|---|---|---|
| 005 | 20260324145943.0 | ||
| 008 | 260324b |||||||| |||| 00| 0 eng d | ||
| 020 | _a978-81-203-5096-4 | ||
| 050 | _a HF 5667. K86 2025 | ||
| 100 | _aRAVINDER KUMAR | ||
| 245 | _aAUDITING PRINCIPLES AND PRACTICE | ||
| 250 | _a3rd | ||
| 260 |
_aDELHI _bPHI LEARNING PRIVATE LIMITED _c2025 |
||
| 300 | _aX,556 | ||
| 500 | _aINCLUDES AN INDEX | ||
| 650 | _aAuditing | ||
| 942 |
_2lcc _cBK |
||
| 999 |
_c216868 _d216868 |
||